Statistics for Chem 50 elements

Click here to take the quiz!

General Stats

  • This quiz has been taken 11 times
  • The average score is 42 of 49

Answer Stats

HintAnswer% Correct
CCarbon
100%
CuCopper
100%
AuGold
100%
HeHelium
100%
HHydrogen
100%
FeIron
100%
PbLead
100%
LiLithium
100%
MgMagnesium
100%
NiNickel
100%
OOxygen
100%
SiSilicon
100%
AgSilver
100%
UUranium
100%
ZnZinc
100%
AlAluminium
91%
ArArgon
91%
BeBeryllium
91%
BBoron
91%
CaCalcium
91%
CoCobalt
91%
FFlourine
91%
IIodine
91%
NNitrogen
91%
PPhosphorus
91%
KPotassium
91%
ClChlorine
82%
KrKrypton
82%
MnManganese
82%
NeNeon
82%
NaSodium
82%
SnTin
82%
TiTitanium
82%
XeXenon
82%
AsArsenic
73%
BaBarium
73%
BrBromine
73%
CrChromium
73%
FrFrancium
73%
GeGermanium
73%
HgMercury
73%
SeSelenium
73%
NpNeptunium
64%
PtPlatinum
64%
PuPlutonium
64%
ScScandium
64%
VVanadium
64%
GaGallium
55%
MoMolybdenum
45%

Score Distribution

Percentile by Number Answered

Percent of People with Each Score

Your Score History

You have not taken this quiz